Greater Vancouver Federal Ridings/MPs - Statistics

General Stats
  • This quiz has been taken 25 times
    16 since last reset
  • The average score is 20 of 50
Answer Stats
Answers % Correct
Vancouver Centre
83%
Vancouver East
83%
Delta
67%
North Vancouver
67%
Vancouver Granville
67%
Vancouver Quadra
67%
Vancouver South
67%
Burnaby South
58%
Jody Wilson-Raybould
58%
Richmond Centre
58%
Surrey Centre
58%
Vancouver Kingsway
58%
Abbotsford
50%
Coquitlam-Port Coquitlam
50%
Surrey-Newton
50%
Alice Wong
42%
Burnaby North-Seymour
42%
Don Davies
42%
Fleetwood-Port Kells
42%
Hedy Fry
42%
Jagmeet Singh
42%
Jenny Kwan
42%
New Westminster-Burnaby
42%
Peter Julian
42%
Port Moody-Coquitlam
42%
South Surrey-White Rock
42%
Steveston-Richmond East
42%
Carla Qualtrough
33%
Cloverdale-Langley City
33%
Harjit Sajjan
33%
Langley-Aldergrove
33%
Pitt Meadows-Maple Ridge
33%
Sukh Dhaliwal
33%
Chilliwack-Hope
25%
Ed Fast
25%
Jonathan Wilkinson
25%
Joyce Murray
25%
Ken Hardie
25%
Kenny Chiu
25%
Kerry-Lynne Findlay
25%
Nelly Shin
25%
Ron McKinnon
25%
Terry Beech
25%
West Vancouver-Sunshine Coast-Sea to Sky Country
25%
Marc Dalton
17%
Mark Strahl
17%
Patrick Weiler
17%
Randeep Sarai
17%
Tamara Jansen
17%
Tako Van Popta
8%
No matching quizzes found
Score Distribution
Percent of People with Each Score
Percentile by Number Answered
Your Score History
You have not taken this quiz since the last reset